00239nam a2200085Ia 4500008004100000100002000041245005800061260002600119300000800145201216s9999 xx 000 0 und d aUlbrich, Holley 0aInternational Trade and Finance : Theory and Practice aLondonbPrentice Hall a379